Statistics for Top 10 French PL scorers

Click here to take the quiz!

General Stats

  • This quiz has been taken 18 times
  • The average score is 6 of 10

Answer Stats

HintAnswer% Correct
175Henry
100%
66Giroud
89%
70Cantona
78%
62Pires
72%
125Anelka
67%
85Saha
56%
35Malouda
39%
32Cisse
39%
39Malbranque
22%
36Nasri
22%

Score Distribution

Percentile by Number Answered

Percent of People with Each Score

Your Score History

You have not taken this quiz